Save the Earth! / by Abby Klein ; illustrated by John McKinley.
To celebrate Earth Day, Freddy's first-grade class participates in a "go green" challenge where they must complete ten planet-friendly activities by the end of the week.
Record details
- ISBN: 9780545295031 (paperback)
- ISBN: 0545295033 (paperback)
- ISBN: 9781451723212 (Paw Prints bdg.)
- ISBN: 1451723210 (Paw Prints bdg.)
- Physical Description: 93 pages : illustrations ; 20 cm.
- Publisher: New York : Scholastic Inc., c2012.
Search for related items by subject
| Subject: | Recycling (Waste, etc.) > Fiction. Earth Day > Juvenile fiction. Recycling (Waste, etc.) > Juvenile fiction. |
Search for related items by series
Available copies
- 1 of 1 copy available at scottsboropl.
Holds
- 0 current holds with 1 total copy.
Show Only Available Copies
| Location | Call Number / Copy Notes | Barcode | Shelving Location | Status | Due Date |
|---|---|---|---|---|---|
| scottsboropl | JF Kle | 32269000937873 | Juvenile - Fiction | Available | - |
| LDR | 01309cam a2200325Ia 4500 | ||
|---|---|---|---|
| 001 | 136702 | ||
| 003 | CONS | ||
| 005 | 20141125065332.0 | ||
| 008 | 110529s2012 nyua b 000 1 eng d | ||
| 020 | . | ‡a9780545295031 (paperback) | |
| 020 | . | ‡a0545295033 (paperback) | |
| 020 | . | ‡a9781451723212 (Paw Prints bdg.) | |
| 020 | . | ‡a1451723210 (Paw Prints bdg.) | |
| 035 | . | ‡a(CPomAG)LMN564734 | |
| 050 | 1 | 4. | ‡aPZ7.K678323 ‡bSav 2012 |
| 082 | 0 | 4. | ‡a[Fic] ‡223 |
| 100 | 1 | . | ‡aKlein, Abby. |
| 245 | 1 | 0. | ‡aSave the Earth! / ‡cby Abby Klein ; illustrated by John McKinley. |
| 260 | . | ‡aNew York : ‡bScholastic Inc., ‡cc2012. | |
| 300 | . | ‡a93 pages : ‡billustrations ; ‡c20 cm. | |
| 490 | 1 | . | ‡aReady, Freddy! ; ‡vbk. 25 |
| 520 | . | ‡aTo celebrate Earth Day, Freddy's first-grade class participates in a "go green" challenge where they must complete ten planet-friendly activities by the end of the week. | |
| 650 | 1. | ‡aRecycling (Waste, etc.) ‡vFiction. | |
| 650 | 0. | ‡aEarth Day ‡vJuvenile fiction. | |
| 650 | 0. | ‡aRecycling (Waste, etc.) ‡vJuvenile fiction. | |
| 700 | 1 | . | ‡aMcKinley, John, ‡d1956- |
| 800 | 1 | . | ‡aKlein, Abby. ‡tReady, Freddy! ; ‡vbk. 25 |
| 914 | . | ‡aSCP_jd ‡dLMN_cm | |
| 959 | . | ‡i32269000937873 ‡lJF Kle ‡aJuvenile - Fiction ‡tJuv Fiction ‡g17.00 | |
| 852 | . | ‡p32269000937873 ‡jJF Kle ‡gJuvenile - Fiction ‡cJuv Fiction ‡y17.00 ‡bSBPL | |
| 901 | . | ‡a136702 ‡bUnknown ‡c136702 ‡tbiblio | |